Vuelta 2014 - Statistics

General Stats
  • This quiz has been taken 28 times
  • The average score is 10 of 21
Answer Stats
Stage Stage Winner % Correct
Stage 16 Alberto Contador
100%
Stage 20 Alberto Contador
100%
Stage 6 Alejandro Valverde
100%
Stage 11 Fabio Aru
65%
Stage 18 Fabio Aru
65%
Stage 4 John Degenkolb
65%
Stage 5 John Degenkolb
65%
Stage 12 John Degenkolb
65%
Stage 17 John Degenkolb
65%
Stage 10 Tony Martin
52%
Stage 2 Nacer Bouhanni
43%
Stage 8 Nacer Bouhanni
43%
Stage 13 Daniel Navarro
30%
Stage 3 Michael Matthews
30%
Stage1 Movistar
30%
Stage 9 Winner Anacona
26%
Stage 14 Ryder Hesjedal
22%
Stage 21 Adriano Malori
17%
Stage 7 Alessandro De Marchi
17%
Stage 19 Adam Hansen
9%
Stage 15 Przemyslaw Niemiec
0%
No matching quizzes found
Score Distribution
Percent of People with Each Score
Percentile by Number Answered
Your Score History
You have not taken this quiz